Регионална библиотека "Любен Каравелов" - Русе

Актуални промени в търговското право (Запис номер 80513)

MARC детайли
000 -Лидер
Контролно поле с фиксирана дължина 01977nam a2200385 c 4500
003 - Код на организацията, давaща контролен номер
Контролно поле BLK
005 - Дата и час на последна редакция
Контролно поле 20180422103906.0
008 - Елементи от данни с фиксирана дължина
fixed length control field 180408b bul|||||r ||||||| ||bul||
010 ## - Наследен системен номер
LC control number KNG00085001000
020 ## - Международен стандартен номер на книга ISBN
Международен стандартен номер на книга ISBN 978-954-608-151-3
-- издат.: Труд и право
040 ## - Източник на каталожния запис
Идентификатор на билиотеката - собственик на записа BLK
041 ## - Код за език
Код за езика на текст/звукозапис или на отделно заглавие Български
Код за езика КДБФ Български
080 ## - УДК
Текстов определител УДК Стопанско законодателство. Търговия. Индустрия
УДК код - определител по УДК 351.82
УДК определител :347.72(497.2)(094.5.072)
УДК - код + определител 351.82:347.72(497.2)(094.5.072)
080 ## - УДК
Текстов определител УДК Стопанско законодателство. Търговия. Индустрия
УДК код - определител по УДК 351.82
УДК определител :334(497.2)(094.5.072)
УДК - код + определител 351.82:334(497.2)(094.5.072)
139 ## - Редно поле
Редна дума България. Закони и др. п.
Авторски знак Бъл - Б 92
245 10 - Сведения за заглавието
Заглавие Актуални промени в търговското право
Подзаглавни данни Търговски закон ; Закон за кооперациите ; Приложен комент.
Редно поле (дума) комент. Александър Николов Кацарски.
257 ## - Страна на издаване
Страна на създаване/издаване България
260 ## - Област на издателските данни
-- София
Име на издателя, разпространителя и проч. Труд и право
Година на издаване 2007
Печатница София : Д. Благоев
300 ## - Физическа характеристика
Страници 400 с.
Размери/Мащаб 20 см
380 ## - Жанр
Жанр Обществени науки
500 ## - Общи забележки
Забележка Комент. отбелязан на кор. - Офс. изд.
650 #4 - Допълнително описание по предмет – тема
Основно описание – тема или топоним Търговско право - България - законодателни и директивни материали
9 (RLIN) 269877
650 #4 - Допълнително описание по предмет – тема
Основно описание – тема или топоним Кооперации - България - законодателни и директивни материали
9 (RLIN) 269646
653 ## - Ключова дума – ненормативна
Ключова дума търговия
653 ## - Ключова дума – ненормативна
Ключова дума законодателство
653 ## - Ключова дума – ненормативна
Ключова дума търговско право
653 ## - Ключова дума – ненормативна
Ключова дума кооперативно дело
700 1# - Други автори (авторска отговорност)
Лично име Кацарски, Александър Николов
Автороска отговорност (Описва отношението между автора и произведението) комент.
9 (RLIN) 372331
710 1# - Име на организация или юридическо лице като допълнителен термин за търсене
Наименование на организация или юридическо лице като редна дума България. Закони и др. п.
9 (RLIN) 243213
852 ## - Местоположение
Форматна сигнатура Цб 240860
856 4# - Електронен адрес и достъп
Електронен формат pdf - файл
Път до файла /url/
856 4# - Електронен адрес и достъп
Електронен формат pdf - файл
Път до файла /url/
942 ## - АРТИКУЛИ
Вид на библиотечния материал Книги
Скрит в OPAC Не
944 ## - СЪЗДАВАНЕ И РЕДАКЦИЯ на ЗАПИСА
Създаване/Редакция Създаване
Дата на регистрацията/редакция 22.08.2008
Статус, дата на статуса ф /
Служител, извършил регистрацията/редакцията Людмила_Стоянова
944 ## - СЪЗДАВАНЕ И РЕДАКЦИЯ на ЗАПИСА
Създаване/Редакция Редакция
Дата на регистрацията/редакция 07.04.2011
Статус, дата на статуса ф /
Служител, извършил регистрацията/редакцията
999 ## - СИСТЕМНИ КОНТРОЛНИ НОМЕРА
Koha biblionumber 80513
Koha biblioitemnumber 80513
Наличности
Код за отписване Код за изгубен артикул Източник на класификационната схема Код за повреда Коз за рестрикции Код за отдаване Артикулен № Име на библиотеката - собственик Име на библиотеката, в която се намира в момента Статус (Текущо местоположение) Дата на вписване в системата Местоположение - отдел Цена в лева Инвентарен номер Систематично азбучна сигнатура Баркод Номер на екземпляра Цена в евро Служебна бележка Служебен тип на артикула
  Не е изгубен Universal Decimal Classification Не е повреден без рестрикции ползва се в читалня 130524 Регионална библиотека "Любен Каравелов" Русе Регионална библиотека "Любен Каравелов" Русе Хранилище 2008-08-22 Хранилище 18.00 120000728218 Цб 240860 120000728218 1 9.20 Дост: Dp Вид: Д N: 21 Дата: 07.05.2008 Книги
Изтеглен Не е изгубен   Не е повреден без рестрикции заемане за дома 130525 Регионална библиотека "Любен Каравелов" Русе Регионална библиотека "Любен Каравелов" Русе Заемна - подръчен фонд 2011-03-29 Заемна - подръчен фонд 18.00 120000750218 П 351/Б 92 120000750218 2 9.20 Дост: DA Вид: А N: 4 Дата: 29.03.2011 Дата инв: 30.01.2015 Бележки инв: П2015 Книги
Vip Innovations Ltd, Rousse, Bulgaria 2025